Manual de marketing general y de servicios turísticos (Registro nro. 1634)
[ vista simple ]
| 000 -CABECERA | |
|---|---|
| campo de control de longitud fija | 00772aam a2200277 4500 |
| 005 - FECHA Y HORA DE ACTUALIZACIÓN | |
| campo de control | 20161019154633.0 |
| 008 - LONGITUD FIJA | |
| campo de control de longitud fija | 150704b xxu||||| |||| 00| 0 spa d |
| 041 ## - IDIOMA | |
| Código de idioma del texto/pista de sonido o título separado | |
| 082 ## - CLASIFICACIÓN DECIMAL DEWEY | |
| Número de clasificación | 1.10.14 L864ma |
| 100 ## - AUTOR PERSONAL | |
| Nombre de persona | López, Aurelio |
| 245 ## - TÍTULO PROPIAMENTE DICHO | |
| Título | Manual de marketing general y de servicios turísticos |
| 260 ## - PIE DE IMPRENTA | |
| Lugar de publicación, distribución, etc. | España |
| 260 ## - PIE DE IMPRENTA | |
| Nombre del editor, distribuidor, etc. | Sintesis |
| 260 ## - PIE DE IMPRENTA | |
| Fecha de publicación, distribución, etc. | 1992 |
| 300 ## - DESCRIPCIÓN FÍSICA | |
| Extensión | 199 páginas |
| 650 ## - Materia General | |
| Materia general | MERCADEO TURÍSTICO |
| 650 ## - Materia General | |
| Materia general | PRODUCTO TURISTICO |
| 650 ## - Materia General | |
| Materia general | MERCADO |
| 650 ## - Materia General | |
| Materia general | INVESTIGACIÓN DE MERCADOS |
| 650 ## - Materia General | |
| Materia general | COMUNICACIÓN |
| 650 ## - Materia General | |
| Materia general | PLAN DE MERCADEO |
| 650 ## - Materia General | |
| Materia general | PUBLICIDAD |
| 650 ## - Materia General | |
| Materia general | MERCHANDISING |
| 650 ## - Materia General | |
| Materia general | MERCADEO DE SERVICIOS |
| 942 ## - Punto de Acceso Adicional Koha | |
| Tipo de ítem Koha | Libro |
| Estado perdido | Estado dañado | No para préstamo | Biblioteca permanente | Biblioteca actual | Signatura completa | Código de barras | Tipo de ítem |
|---|---|---|---|---|---|---|---|
| Departamento de Biblioteca y Documentación Alfonso Chase Brenes | Departamento de Biblioteca y Documentación Alfonso Chase Brenes | 1.10.14 L864ma | 10645 | Libro |